El Café en Costa Rica: origen, desarrollo, leyendas

Guardado en:
Bibliografiske detaljer
Hovedforfatter: Rojas Solano, Héctor
Format: Texto
Udgivet: San José: Oficina del Café
Udgivelse:2
Tags: Tilføj Tag
Ingen Tags, Vær først til at tagge denne postø!

MARC

LEADER 00000 a a2200000 04500
001 33147
003
040
090 |a 206500  
100 |a Rojas Solano, Héctor  
245 |a El Café en Costa Rica: origen, desarrollo, leyendas  
250 |a 2  
260 |a San José:   |b Oficina del Café  
300 |a 49 p.   |b il.  
999 |c 16915  |d 16915